01258cam a22003135a 45000010009000000050017000090080041000260200018000670400028000850820019001132450206001322500012003382600040003503000032003904900054004225000024004765040041005005900010005416500041005516500031005926500061006236510010006846530024006947000031007187000029007499420008007789990017007869520141008031769838720201128023921.0130415t2013 gw a frb 001 0 eng d a9783642384561 aDLCbengcDLCdEG-ScBUE04222a006.3bADV00aAdvances in artificial intelligence :b26th Canadian Conference on Artificial Intelligence, Canadian AI 2013, Regina, Canada, May 28-31, 2013. Proceedings /c[edited by] Osmar R. Zaiane, Sandra Zilles. a1st ed. aBerlin :bSpringer-Verlag,cc.2013. axiv, 372 p.bill. ;c24 cm.0 aLecture notes in artificial intelligence ;v7884. aIndex : p. 371-372. aIncludes bibliographical references. aSAMEH 72BUEshaArtificial intelligence.9529 7aData mining.2BUEsh927695 7aInformation storage and retrieval systems.2BUEsh934108 2BUEsh bCOMSCIcOctober20161 aZaiane, Osmar R.,eeditor.1 aZilles, Sandra,eeditor. 2ddc c22745d22717 00102ddc40708AcademicaMAINbMAINcLOWd2016-10-20ePurchaseg540.00h9128l0o006.3 ADVp000034214r2025-07-15 00:00:00v675.00yBB